| 000 | nam a22 7a 4500 | ||
|---|---|---|---|
| 999 |
_c354210 _d354210 |
||
| 003 | NUST | ||
| 005 | 20180117092256.0 | ||
| 008 | 180117b xxu||||| |||| 00| 0 eng d | ||
| 020 | _a1853834580 , 1853834572 | ||
| 040 | _c0 | ||
| 082 | _a628 GOU | ||
| 100 |
_aGouldson,Andrew _98457 |
||
| 245 |
_aRegulatory Realities: _bThe Implementation and Impact of Industrial Environmental Regulation _cAndrew Gouldson |
||
| 260 |
_aLondon _bEarthscan _c1998. |
||
| 300 | _a173p. | ||
| 500 | _aP.B | ||
| 942 |
_2ddc _cBK _kIESE |
||